Iraq War Countries - Statistics

General Stats
  • This quiz has been taken 326 times
  • The average score is 10 of 23
Answer Stats
Casualties Answer % Correct
4,491 United States
100%
179 United Kingdom
96%
33 Italy
70%
2 Australia
69%
11 Spain
68%
23 Poland
67%
7 Denmark
48%
2 Netherlands
48%
3 Romania
43%
1 Hungary
41%
1 South Korea
41%
1 Czech Republic
40%
13 Bulgaria
39%
3 Latvia
39%
4 Slovakia
39%
18 Ukraine
39%
2 Estonia
36%
5 Georgia
24%
2 Thailand
21%
1 Azerbaijan
19%
1 Kazakhstan
13%
5 El Salvador
10%
1 Fiji
9%
No matching quizzes found
Score Distribution
Percent of People with Each Score
Percentile by Number Answered
Your Score History
You have not taken this quiz